"Old Dan Tucker" Lyrics - Statistics

General Stats
  • This quiz has been taken 61 times
  • The average score is 18 of 27
Answer Stats
Lyric % Correct
and old {Dan} {Tucker} just stands there lookin'!
93%
and old {Dan} {Tucker} just stands there lookin'!
93%
and old {Dan} {Tucker} just stands there lookin'!
93%
crying "Old {Dan} {Tucker}'s come to town!"
93%
So, get outta the way for old {Dan} {Tucker},
93%
So, get outta the way for old {Dan} {Tucker},
93%
So, get outta the way for old {Dan} {Tucker},
93%
washed his face in a {frying} pan,
89%
combed his hair with a {wagon} wheel,
82%
he's too late to get his {supper}.
82%
he's too late to get his {supper}.
82%
he's too late to get his {supper}.
82%
{Supper}'s put away,
82%
{Supper}'s put away,
82%
{Supper}'s put away,
82%
a red hot {coal} fell down his shoe,
58%
I came to {town} the other night,
58%
and {dinner}'s cooking,
53%
and {dinner}'s cooking,
53%
and {dinner}'s cooking,
53%
died with a {toothache} in his heel!
46%
I heard the noise and saw the {fight},
46%
Old Dan Tucker was a {fine} old man,
35%
oh my {goodness}! What'll I do?
32%
Old Dan Tucker, he got {drunk},
25%
the {watchman} was running around,
12%
he fell in the fire and kicked up a {chunk},
9%
No matching quizzes found
Score Distribution
Percent of People with Each Score
Percentile by Number Answered
Your Score History
You have not taken this quiz